Current NFL WRs' Colleges - Statistics

General Stats
  • This quiz has been taken 1,748 times
    772 since last reset
  • The average score is 47 of 96
Answer Stats
NFL Team WR College % Correct
Bengals Ja'Marr Chase LSU
98%
Cardinals Marvin Harrison Jr. Ohio State
91%
Buccaneers Emeka Egbuka Ohio State
90%
Eagles DeVonta Smith Alabama
89%
Bears Rome Odunze Washington
89%
Giants Malik Nabers LSU
88%
Vikings Justin Jefferson LSU
86%
Seahawks Jaxon Smith-Njigba Ohio State
86%
Jets Garrett Wilson Ohio State
85%
Browns Jerry Jeudy Alabama
84%
Dolphins Jaylen Waddle Alabama
84%
Cowboys CeeDee Lamb Oklahoma
84%
Chiefs Xavier Worthy Texas
84%
Cowboys George Pickens Georgia
83%
Saints Chris Olave Ohio State
83%
Chargers Ladd McConkey Georgia
81%
Jaguars Brian Thomas Jr. LSU
81%
Buccaneers Mike Evans Texas A&M
80%
Lions Jameson Williams Alabama
79%
Panthers Tetairoa McMillan Arizona
79%
Eagles AJ Brown Ole Miss
79%
Steelers DK Metcalf Ole Miss
79%
Lions Amon-Ra St. Brown USC
79%
Browns Amari Cooper Alabama
78%
Rams Puka Nacua BYU
78%
49ers Ricky Pearsall Florida
77%
Bills Keon Coleman Florida State
77%
Bengals Tee Higgins Clemson
76%
Commanders Terry McLaurin Ohio State
76%
Falcons Drake London USC
76%
Chargers Quentin Johnston TCU
73%
Browns Isaiah Bond Texas
73%
Patriots Stefon Diggs Maryland
72%
Panthers Xavier Legette South Carolina
69%
Ravens Zay Flowers Boston College
68%
Rams Davante Adams Fresno State
67%
Ravens DeAndre Hopkins Clemson
65%
Vikings Jordan Addison USC
65%
Colts Michael Pittman Jr. USC
63%
Jets John Metchie III Alabama
61%
Seahawks Cooper Kupp Eastern Washington
60%
Chiefs Hollywood Brown Oklahoma
60%
Bears DJ Moore Maryland
56%
Jets Adonai Mitchell Texas
56%
Broncos Troy Franklin Oregon
54%
Commanders Deebo Samuel South Carolina
54%
Chiefs Rashee Rice SMU
50%
Patriots Kayshon Boutte LSU
49%
Eagles Jahan Dotson Penn State
49%
Texans Nico Collins Michigan
48%
Texans Jayden Higgins Iowa State
44%
Colts Josh Downs North Carolina
40%
Packers Christian Watson North Dakota State
40%
Dolphins Tyreek Hill Oklahoma State
40%
49ers Jauan Jennings Tennessee
40%
Broncos Courtland Sutton SMU
39%
Ravens Rashod Bateman Minnesota
38%
Raiders Tyler Lockett Kansas State
36%
Chargers Keenan Allen California
35%
Colts Alec Pierce Cincinnati
35%
Broncos Marvin Mims Jr. Oklahoma
35%
Titans Elic Ayomanor Stanford
35%
Bengals Andrei Iosivas Princeton
34%
Giants Wan'Dale Robinson Kentucky
32%
Buccaneers Sterling Shepard Oklahoma
30%
Texans Xavier Hutchinson Iowa State
28%
Bills Khalil Shakir Boise State
24%
Raiders Dont'e Thornton Jr. Tennessee
24%
Falcons Darnell Moony Tulane
23%
Packers Romeo Doubs Nevada
21%
Cardinals Michael Wilson Stanford
21%
Steelers Calvin Austin III Memphis
20%
Rams Jordan Whittington Texas
20%
Titans Chimere Dike Florida
19%
Jaguars Parker Washington Penn State
18%
Panthers Jalen Coker Holy Cross
17%
Bills Joshua Palmer Tennessee
17%
Seahawks Rashid Shaheed Weber State
17%
Jaguars Jakobi Meyers NC State
16%
Titans Van Jefferson Florida
13%
Vikings Jalen Nailor Michigan State
13%
Patriots Mack Hollins North Carolina
13%
Giants Darius Slayton Auburn
12%
Commanders Jaylin Lane Virginia Tech
12%
Falcons David Sills V West Virginia
12%
49ers Kendrick Bourne Eastern Washington
11%
Packers Dontayvion Wicks Virginia
11%
Dolphins Malik Washington Virginia
10%
Bears Olamide Zaccheaus Virginia
9%
Saints Devaughn Vele Utah
8%
Raiders Tre Tucker Cincinnati
7%
Cardinals Greg Dortch Wake Forest
7%
Lions Kalif Raymond Holy Cross
6%
Cowboys Ryan Flournoy Southeast Missouri
5%
Steelers Marquez Valdes-Scantling South Florida
5%
Saints Kevin Austin Jr. Notre Dame
3%
No matching quizzes found
Score Distribution
Percent of People with Each Score
Percentile by Number Answered
Your Score History
You have not taken this quiz since the last reset